000 01067nas a2200253Ia 4500
001 R142/D0914
003 IT-RoPAU
008 151124c99999999xx |||||||||||| ||und||
040 _aIT-RoPAU
040 _cIT-RoPAU
041 _aFRANCESE
100 _aJaeger Christine
_gCodice Aut. SPICS: 37384
210 _aRESEAUX
222 _aReseaux
245 _aRESEAUX, N.069 (GENNAIO/FEBBRAIO 1995)
_bGestion Des Espaces De Travail (La): De la Cooperation Contractuelle A la Cooperation Informatisee
250 _a1a ed.
260 _aPARIS
_bCNET
_c1995
501 _bPaulus - SPICS - Società San Paolo EM (non-commercial uses only)
_cCopyright2015
300 _a36 p. [9-44]
362 _aN.069 (GENNAIO/FEBBRAIO 1995)
500 _aGestione degli Spazi di Lavoro: Dalla Cooperazione Contrattuale Alla Cooperazione Informatizzata. Dallo Spazio Specializzato per Mestiere Allo Spaziospecializzato per Componenti. Spazio Funzionale dell'Impresa Classica. Analisi del Lavoro Alla Citroen ne
650 _aCOMUNICAZIONE
_vPUBBLICAZIONE PERIODICA
942 _cCR
999 _c193287
_d193287